000 00368nam a2200121Ia 4500
008 240731s9999 xx 000 0 und d
022 _a1848-3380
245 0 _aAutomatika : Journal for Control, Measurement, Electronics, Computing and Communications
260 _bTaylor & Francis
856 _uhttps://www.tandfonline.com/loi/taut20
942 _2ddc
942 _cTFEJ
999 _c75571
_d75571
945 _a1
_bMadushi Gamage
_c1
_dMadushi Gamage